[Event "38th Olympiad"]
[Site "Dresden GER"]
[Date "2008.11.21"]
[Round "8"]
[White "Leyva,H"]
[Black "Lima,Da"]
[Result "1-0"]
[WhiteElo "2399"]
[BlackElo "2488"]
[EventDate "2008.11.13"]

1. d4 Nf6 2. c4 e6 3. Nc3 Bb4 4. Qc2 O-O 5. a3 Bxc3+ 6. Qxc3 b6 7. Nf3 Ba6
8. e3 d5 9. b3 c5 10. dxc5 bxc5 11. Bb2 Nbd7 12. Be2 Rb8 13. O-O e5 14. Qc2
d4 15. exd4 cxd4 16. b4 Qc7 17. Rac1 Bb7 18. Nd2 Ba8 19. c5 Qc6 20. f3 Nd5
21. Nc4 Qh6 22. Rce1 f5 23. Bd3 Qf6 24. Nd6 g6 25. Bc4 Kg7 26. Bxd5 Bxd5
27. f4 Kg8 28. Qd2 a5 29. fxe5 Qe6 30. Qxd4 axb4 31. axb4 f4 32. b5 f3 33.
Rd1 Bb3 34. Rd3 fxg2 35. Rff3 Bc2 36. Rxf8+ Nxf8 37. Rd2 Bb3 38. c6 Ra8 39.
c7 Nd7 40. c8=Q+ Rxc8 41. Nxc8 1-0

[Event "38th Olympiad"]
[Site "Dresden GER"]
[Date "2008.11.21"]
[Round "8"]
[White "Chavez,Ri"]
[Black "El Debs,F"]
[Result "0-1"]
[WhiteElo "2226"]
[BlackElo "2447"]
[EventDate "2008.11.13"]

1. e4 c5 2. Nf3 e6 3. d3 Nc6 4. g3 g6 5. Bg2 Bg7 6. O-O Nge7 7. c3 d5 8.
Qe2 b6 9. Na3 Ba6 10. e5 Qc7 11. Re1 h6 12. h4 O-O 13. Bf4 b5 14. c4 bxc4
15. dxc4 Rad8 16. b3 Nb4 17. Nb5 Qb6 18. a3 Nbc6 19. g4 Nd4 20. Nfxd4 cxd4
21. Rab1 Nc6 22. a4 dxc4 23. bxc4 Qc5 24. Qe4 Na5 25. Nd6 Nxc4 26. Qc2 d3
27. Qc1 Bxe5 28. Rxe5 Qxd6 29. Re4 d2 30. Qd1 Qd3 31. Bf3 Kh7 32. Kg2 e5
33. Bxe5 Nxe5 34. Rxe5 Bc4 35. h5 Bd5 36. Re3 Bxf3+ 37. Rxf3 Qxb1 38. Qxb1
d1=Q 39. Rxf7+ Rxf7 40. Qxg6+ Kh8 41. Qxh6+ Kg8 42. Qg6+ Rg7 43. Qe6+ Kh7
0-1

[Event "38th Olympiad"]
[Site "Dresden GER"]
[Date "2008.11.21"]
[Round "8"]
[White "Braga,C"]
[Black "Martinez,Ne"]
[Result "1-0"]
[WhiteElo "2415"]
[BlackElo "2149"]
[EventDate "2008.11.13"]

1. e4 c5 2. d3 d6 3. g3 Nf6 4. Bg2 g6 5. Nf3 Bg7 6. O-O O-O 7. Nc3 Nc6 8.
h3 Rb8 9. a4 a6 10. Be3 b5 11. axb5 axb5 12. Qd2 Re8 13. Bh6 Bh8 14. Ng5 b4
15. Ne2 e5 16. f4 Qe7 17. Rf2 Bg7 18. Bxg7 Kxg7 19. Raf1 h6 20. fxe5 Nxe5
21. Rxf6 hxg5 22. Qxg5 Rh8 23. Nf4 Be6 24. c3 bxc3 25. bxc3 Rbe8 26. Kh1
Qd8 27. d4 cxd4 28. cxd4 Bf5 29. dxe5 Rxe5 30. Nh5+ Rxh5 31. Rxf7+ 1-0

[Event "38th Olympiad"]
[Site "Dresden GER"]
[Date "2008.11.21"]
[Round "8"]
[White "Felgaer,R"]
[Black "Hernandez Guerrero,G"]
[Result "0-1"]
[WhiteElo "2591"]
[BlackElo "2549"]
[EventDate "2008.11.13"]

1. e4 c5 2. Nf3 d6 3. d4 cxd4 4. Nxd4 Nf6 5. Nc3 Nc6 6. Bg5 Qb6 7. Nb3 e6
8. Bxf6 gxf6 9. Qd2 a6 10. f4 Bd7 11. Be2 h5 12. Rf1 Qc7 13. O-O-O b5 14.
a3 b4 15. axb4 Nxb4 16. Kb1 Rb8 17. Rf3 a5 18. Nd4 Qc5 19. Ndb5 Bc6 20.
Nxd6+ Bxd6 21. Qxd6 Qxd6 22. Rxd6 Ke7 23. Rd4 Rhd8 24. Rxd8 Rxd8 25. Kc1 f5
26. Bd3 Rd4 27. Ne2 Nxd3+ 28. cxd3 Rb4 29. Nc3 fxe4 30. dxe4 Bxe4 31. Nxe4
Rxe4 32. Kd2 Kf6 33. g3 Rb4 34. b3 Kf5 35. Ke2 Kg4 36. Rc3 Kh3 37. Rc7 f5
38. Rh7 Kg2 39. Rxh5 Rxb3 40. Rh6 Rb6 41. Rh8 a4 42. Kd2 a3 43. Ra8 Rb3 44.
Kc2 Re3 45. Rh8 Re1 46. Kb3 Rh1 47. g4 fxg4 48. Rh4 Kf3 49. Kxa3 Kxf4 50.
Kb3 e5 51. Kc3 e4 52. Rh8 Kf3 53. Kc2 e3 54. Rf8+ Ke2 55. Rg8 Rxh2 56. Rxg4
0-1

[Event "38th Olympiad"]
[Site "Dresden GER"]
[Date "2008.11.21"]
[Round "8"]
[White "Espinosa Flores,R"]
[Black "Peralta,Fe"]
[Result "0-1"]
[WhiteElo "2412"]
[BlackElo "2557"]
[EventDate "2008.11.13"]

1. e4 d6 2. d4 Nf6 3. Nc3 g6 4. f4 Bg7 5. Nf3 c5 6. Bb5+ Bd7 7. e5 Ng4 8.
Bxd7+ Qxd7 9. d5 dxe5 10. h3 e4 11. Nxe4 Nf6 12. Nxf6+ Bxf6 13. O-O O-O 14.
Ne5 Qd6 15. Be3 Nd7 16. Nxd7 Qxd7 17. c3 Rfd8 18. Bxc5 Qb5 19. Ba3 Rxd5 20.
Qb3 Qc6 21. Rad1 Rad8 22. Rxd5 Rxd5 23. Qc2 Qd7 24. Qe4 e6 25. Qb4 h5 26.
Kh2 Rd2 27. Rf3 Kh7 28. Qe4 b5 29. Qe3 a5 30. Qc5 Re2 31. Rf2 Be7 32. Rxe2
Bxc5 33. Bxc5 Qc7 34. Be3 Qc4 35. Rd2 Qe4 36. Re2 Qb1 37. Bd4 Qxa2 38. Be5
Qd5 39. Kg3 Kg8 40. Kf2 Kf8 41. Ke1 Ke7 42. Rd2 Qc5 43. Bd4 Qf5 44. Be3 f6
45. Ke2 Qe4 46. Kf2 Qc4 47. Rd4 Qa2 48. Rd2 Qb1 49. Bb6 Qf5 50. Ke3 g5 51.
fxg5 Qxg5+ 52. Kd3 Qf5+ 53. Ke3 a4 54. Bd8+ Ke8 55. Bb6 Qg5+ 56. Kd3 Qg6+
57. Kd4 Qg3 58. Ba5 e5+ 59. Kd5 Qe3 60. c4 Qa7 61. Bb4 Qf7+ 62. Kc6 Qxc4+
63. Bc5 b4 64. Rd6 Kf7 65. Rd7+ Kg6 66. Rb7 a3 0-1

[Event "38th Olympiad"]
[Site "Dresden GER"]
[Date "2008.11.21"]
[Round "8"]
[White "Kovalyov,A"]
[Black "Gongora Montes,B"]
[Result "1-0"]
[WhiteElo "2571"]
[BlackElo "2281"]
[EventDate "2008.11.13"]

1. d4 d5 2. c4 c6 3. Nf3 Nf6 4. Nc3 e6 5. cxd5 cxd5 6. Bg5 Nc6 7. e3 h6 8.
Bh4 Be7 9. Bd3 O-O 10. O-O a6 11. Rc1 Bd7 12. h3 b5 13. Bb1 Qb8 14. Ne2 Rc8
15. Rc2 Be8 16. Nc1 Qa7 17. Nb3 Ne4 18. Bxe7 Qxe7 19. Qe2 a5 20. Rfc1 a4
21. Nbd2 Nxd2 22. Qxd2 b4 23. Ne5 Qb7 24. Nd3 Qb6 25. Nxb4 Ne7 26. Nd3 Rxc2
27. Qxc2 Rc8 28. Nc5 g6 29. Qd2 Rb8 30. b3 axb3 31. axb3 Nc6 32. Bd3 Ra8
33. Bf1 Ra3 34. Qc3 Na5 35. Ra1 Rxa1 36. Qxa1 Qb4 37. Bd3 e5 1-0

[Event "38th Olympiad"]
[Site "Dresden GER"]
[Date "2008.11.21"]
[Round "8"]
[White "Capo Vidal,U"]
[Black "Campora,D"]
[Result "1/2-1/2"]
[WhiteElo "2340"]
[BlackElo "2537"]
[EventDate "2008.11.13"]

1. d4 Nf6 2. c4 e6 3. Nc3 Bb4 4. f3 d5 5. a3 Bxc3+ 6. bxc3 c5 7. cxd5 exd5
8. e3 O-O 9. Bd3 b6 10. Ne2 Ba6 11. Bb1 Re8 12. O-O Nc6 13. Re1 Bxe2 14.
Rxe2 Rc8 15. Re1 Na5 16. Ra2 h6 17. Rf2 cxd4 18. cxd4 Rc4 19. Qd3 Rc7 20.
Rfe2 Qc8 21. Bb2 Nc4 22. Ba1 Nd6 23. Bb2 Rce7 24. a4 Re6 25. Ba3 Nc4 26.
Bc1 Nd6 27. Ba3 Nc4 28. Bc1 Nd6 29. Ba3 Nc4 1/2-1/2

[Event "38th Olympiad"]
[Site "Dresden GER"]
[Date "2008.11.21"]
[Round "8"]
[White "Amir,K"]
[Black "Samhouri,B"]
[Result "1-0"]
[WhiteElo "2265"]
[BlackElo "2205"]
[EventDate "2008.11.13"]

1. d4 Nf6 2. c4 c5 3. d5 b5 4. cxb5 a6 5. Nc3 axb5 6. e4 b4 7. Nb5 d6 8.
Bc4 Nxe4 9. Qe2 Nf6 10. Bf4 Ra6 11. Nxd6+ Rxd6 12. Bb5+ Bd7 13. Bxd6 Qb6
14. Bxd7+ Nbxd7 15. Bg3 Nxd5 16. Nf3 e6 17. O-O Be7 18. Rfd1 N7f6 19. Ne5
O-O 20. Qc4 Rc8 21. a4 Qa5 22. Qc2 Nb6 23. b3 Nfd5 24. Nc4 Nxc4 25. bxc4
Nc3 26. Re1 Bf6 27. Be5 Bxe5 28. Rxe5 Rd8 29. f4 g6 30. h4 Rd4 31. Qf2 Rxc4
32. h5 b3 33. h6 Qb6 34. a5 b2 35. Rb1 Qd8 36. Rxb2 Nd1 37. Rd2 Rd4 38.
Rxd4 cxd4 39. Qf3 Nc3 40. Qd3 Nd5 41. a6 Nxf4 42. a7 Qa8 43. Qf3 Qxa7 44.
Qxf4 1-0

[Event "38th Olympiad"]
[Site "Dresden GER"]
[Date "2008.11.21"]
[Round "8"]
[White "Rimawi,B"]
[Black "Waqar,M"]
[Result "0-1"]
[WhiteElo "2221"]
[BlackElo "2207"]
[EventDate "2008.11.13"]

1. e4 c5 2. Nf3 d6 3. d4 cxd4 4. Nxd4 Nf6 5. Nc3 g6 6. Bc4 Bg7 7. h3 O-O 8.
Bb3 Nc6 9. Be3 Bd7 10. O-O Rc8 11. f4 a5 12. a4 Nxd4 13. Bxd4 Bc6 14. Qd3
Nd7 15. Bxg7 Kxg7 16. f5 Qb6+ 17. Kh1 Ne5 18. Qd2 Qb4 19. Qf4 f6 20. fxg6
hxg6 21. Rae1 Rh8 22. Re3 Rcf8 23. Rg3 Rh5 24. Nd5 Bxd5 25. Bxd5 Qxa4 26.
Rb3 Rb8 27. Qe3 Qd7 28. Qa7 Rhh8 29. Qxa5 e6 30. Rg3 exd5 31. Qxd5 Rbc8 32.
c3 Rc5 33. Qd4 Qe6 34. Rd1 Rc6 35. Rf1 Rf8 36. Qb4 Qc4 37. Qxc4 Rxc4 38.
Rd1 Nf7 39. Rd4 Rxd4 40. cxd4 Re8 41. Rb3 Rxe4 42. Rxb7 Rxd4 43. b4 f5 44.
b5 Kf6 45. b6 Rb4 46. Rb8 Ke7 47. Rb7+ Ke6 48. Rb8 d5 49. b7 Nd6 50. Rg8
Rxb7 51. Rxg6+ Ke5 52. Rg3 d4 53. Ra3 Ke4 54. Kg1 Ke5 0-1

[Event "38th Olympiad"]
[Site "Dresden GER"]
[Date "2008.11.21"]
[Round "8"]
[White "Ermenkov,Evgenij"]
[Black "Isaev,J"]
[Result "1/2-1/2"]
[WhiteElo "2465"]
[BlackElo "2400"]
[EventDate "2008.11.13"]

1. e4 e5 2. Nf3 Nc6 3. Bb5 a6 4. Ba4 Nf6 5. O-O Be7 6. Bxc6 dxc6 7. Re1 Bg4
8. h3 Bxf3 9. Qxf3 O-O 10. d3 Nd7 11. b3 Nc5 12. Bb2 f6 13. Nd2 Ne6 14. Qd1
Bc5 15. Nf3 Qd7 16. a4 Rad8 17. Ba3 Bxa3 18. Rxa3 Nd4 19. Nxd4 Qxd4 20. Qa1
c5 21. Qxd4 cxd4 22. a5 Rd6 23. Ra4 Rc6 24. Rc4 Rxc4 25. dxc4 Rd8 26. Rd1
Kf7 27. Kf1 Ke6 28. Ke2 c5 29. Kd3 g6 30. f3 f5 31. Re1 1/2-1/2

[Event "38th Olympiad"]
[Site "Dresden GER"]
[Date "2008.11.21"]
[Round "8"]
[White "Djuraev,S"]
[Black "Michel Yunis,C"]
[Result "0-1"]
[WhiteElo "2339"]
[BlackElo "2368"]
[EventDate "2008.11.13"]

1. e4 c5 2. Nf3 e6 3. Nc3 Nc6 4. d4 cxd4 5. Nxd4 d6 6. Be2 Nf6 7. Be3 a6 8.
O-O Qc7 9. f4 Be7 10. Kh1 O-O 11. Qe1 Nxd4 12. Bxd4 b5 13. Bd3 Bb7 14. e5
dxe5 15. Bxe5 Qc6 16. Qg3 g6 17. Be2 b4 18. Bf3 Qc8 19. Bxb7 Qxb7 20. Nd1
Rfd8 21. Ne3 Nh5 22. Qh3 f6 23. Qxe6+ Kh8 24. f5 fxe5 25. fxg6 Ng7 26. Qh3
h5 27. Nf5 Bg5 28. Nxg7 Qxg7 29. Qxh5+ Qh6 30. Qf3 Qxg6 31. Qg3 Qg7 32. Rf5
Bf4 33. Qh3+ Kg8 34. Qb3+ Kh8 35. Qh3+ Bh6 36. Raf1 Rf8 37. Qd3 Rxf5 38.
Rxf5 Rf8 39. Rxf8+ Qxf8 40. Qxa6 Qf4 41. Qc8+ Bf8 42. Qh3+ Kg7 43. Qd7+ Kh6
44. Qe6+ Kh5 45. Qe8+ Kg5 46. Qd8+ Kh6 47. Qd1 Bc5 48. h3 e4 49. Qe2 Qc1+
50. Kh2 Bg1+ 51. Kg3 Qg5+ 52. Qg4 Qe3+ 53. Kh4 Qf2+ 0-1

[Event "38th Olympiad"]
[Site "Dresden GER"]
[Date "2008.11.21"]
[Round "8"]
[White "Moussa,A"]
[Black "Nazarov,A"]
[Result "0-1"]
[WhiteElo "2223"]
[BlackElo "2344"]
[EventDate "2008.11.13"]

1. d4 d5 2. Nf3 e6 3. g3 Nf6 4. Bg2 Be7 5. O-O O-O 6. c4 Nc6 7. Nbd2 Ne4 8.
Qc2 f5 9. a3 Bf6 10. Rd1 Ne7 11. b4 c6 12. Bb2 Bd7 13. Ne5 Be8 14. a4 Rc8
15. Nb3 b6 16. Nc1 Ng6 17. Ncd3 Nd6 18. c5 Bxe5 19. dxe5 Nc4 20. Bd4 f4 21.
Bh3 Bd7 22. cxb6 axb6 23. Rdb1 Qe7 24. Qc1 c5 25. bxc5 bxc5 26. Bc3 Rc7 27.
a5 fxg3 28. hxg3 Ra8 29. a6 Nf8 30. Rb7 Bc8 31. Rxc7 Qxc7 32. Nf4 Ra7 33.
Qd1 d4 34. Qb3 dxc3 35. Qxc4 Qxe5 36. e3 c2 37. Rc1 Bxa6 38. Qa2 Rd7 39.
Rxc2 Rd1+ 40. Kh2 Bb7 41. Ng2 Bf3 42. Qc4 Qa1 43. Bxe6+ Kh8 44. g4 Rh1+ 45.
Kg3 Rh3+ 46. Kxh3 Qh1+ 47. Kg3 Qxg2+ 48. Kf4 Ng6+ 49. Kf5 Qh2 50. Qf4 Nxf4
51. exf4 Qg2 0-1

[Event "38th Olympiad"]
[Site "Dresden GER"]
[Date "2008.11.21"]
[Round "8"]
[White "Khamdamov,S"]
[Black "Ihsan,J"]
[Result "1-0"]
[WhiteElo "2219"]
[BlackElo "2166"]
[EventDate "2008.11.13"]

1. d4 Nf6 2. c4 g6 3. Nc3 Bg7 4. e4 d6 5. f3 c6 6. Be3 a6 7. a4 a5 8. Qd2
Na6 9. Nge2 O-O 10. g4 h5 11. gxh5 Nxh5 12. Ng3 Nf6 13. h4 e5 14. h5 Re8
15. Bh6 exd4 16. Bxg7 Kxg7 17. hxg6 Rh8 18. Qxd4 Rxh1 19. Nxh1 Nc5 20. Rd1
fxg6 21. Qxc5 1-0

[Event "38th Olympiad"]
[Site "Dresden GER"]
[Date "2008.11.21"]
[Round "8"]
[White "Hussein,HA"]
[Black "Buhmann,R"]
[Result "0-1"]
[WhiteElo "2354"]
[BlackElo "2541"]
[EventDate "2008.11.13"]

1. e4 e6 2. d4 d5 3. e5 c5 4. c3 Nc6 5. Nf3 Bd7 6. a3 c4 7. Nbd2 Na5 8. Be2
Bc6 9. O-O Qd7 10. Qe1 Ba4 11. Bd1 Ne7 12. Bxa4 Qxa4 13. Qd1 Qxd1 14. Rxd1
Nec6 15. Rb1 f6 16. Nf1 fxe5 17. Nxe5 Nxe5 18. dxe5 Be7 19. Be3 O-O 20. Nd2
Nc6 21. Nf3 Rf5 22. Re1 Rc8 23. Bd4 g5 24. h3 h5 25. Rbd1 Kf7 26. Re3 Kg6
27. Nh2 Nxd4 28. cxd4 b5 29. Nf1 Rcf8 30. Re2 Bd8 31. Ne3 R5f7 32. Nc2 a5
33. Ne3 Bb6 34. Rc2 Rf4 35. Rcd2 b4 36. g3 Re4 37. axb4 axb4 38. b3 cxb3
39. Kg2 Ra8 40. Kf1 Rxd4 41. Rb2 Rxd1+ 42. Nxd1 Ra3 43. Ke2 Bd4 44. Rb1 b2
0-1

[Event "38th Olympiad"]
[Site "Dresden GER"]
[Date "2008.11.21"]
[Round "8"]
[White "Ahmed,Abdu"]
[Black "Jorczik,J"]
[Result "0-1"]
[WhiteElo "2246"]
[BlackElo "2382"]
[EventDate "2008.11.13"]

1. e4 e6 2. d4 d5 3. Nc3 Nf6 4. Bg5 Bb4 5. e5 h6 6. Bd2 Bxc3 7. bxc3 Ne4 8.
Qg4 Kf8 9. Bd3 Nxd2 10. Kxd2 c5 11. h4 c4 12. Bf1 b5 13. a3 Nc6 14. Ne2 Bd7
15. Rh3 a5 16. Rf3 Ne7 17. Rb1 Nf5 18. g3 Qe7 19. Nf4 Qxa3 20. Nh5 Rg8 21.
Bg2 Rb8 22. Qh3 Qe7 23. Rxf5 exf5 24. Nf4 Be6 25. Bxd5 Bxd5 26. Nxd5 Qb7
27. Ne3 g6 28. Ke2 h5 29. Qf1 Kg7 30. Qc1 b4 31. f3 Qa6 32. Ra1 b3 33. Qa3
bxc2 34. Qc1 Rb3 35. Qxc2 Rgb8 36. Ra2 a4 37. Nd1 a3 38. Qd2 Qb5 39. Qg5
Rb6 40. Ke1 Qc6 41. Qe3 Qa4 42. d5 Kh7 43. Qd2 Rb1 44. d6 Rb7 45. Qd5 Qa7
46. Kf1 R1b5 47. Qc6 Rxe5 48. Rd2 a2 49. d7 Rxd7 50. Rxd7 a1=Q 51. Qd6 Q1a2
52. Rxa7 Qe2+ 53. Kg1 Qe1+ 0-1

[Event "38th Olympiad"]
[Site "Dresden GER"]
[Date "2008.11.21"]
[Round "8"]
[White "Heimann,An"]
[Black "Albadri,A"]
[Result "1-0"]
[WhiteElo "2428"]
[BlackElo "2163"]
[EventDate "2008.11.13"]

1. e4 e6 2. d4 d5 3. Nc3 dxe4 4. Nxe4 Nd7 5. Nf3 Be7 6. Bd3 Ngf6 7. Qe2 O-O
8. Bg5 c5 9. dxc5 Nxc5 10. Nxc5 Bxc5 11. O-O-O Qc7 12. Kb1 Be7 13. Ne5 b6
14. h4 Bb7 15. Rh3 Rfd8 16. Re1 Rac8 17. Rg3 Rd4 18. c3 Ra4 19. Bc2 Ra5 20.
h5 Rxe5 21. Qxe5 Bd6 22. Bxf6 Bxe5 23. Bxe5 Qc5 24. Rxg7+ Kf8 25. Rxh7 Qxf2
26. Rd1 Qxg2 27. Rh8+ Ke7 28. Rxc8 Bxc8 29. h6 f6 30. h7 Qh3 31. Be4 Qh4
32. Bd6+ Kf7 33. Ka1 Qh3 34. Be7 Kxe7 35. Kb1 Bb7 1-0

[Event "38th Olympiad"]
[Site "Dresden GER"]
[Date "2008.11.21"]
[Round "8"]
[White "Paciencia,E"]
[Black "Samakov,N"]
[Result "1/2-1/2"]
[WhiteElo "2440"]
[BlackElo "2340"]
[EventDate "2008.11.13"]

1. d4 d5 2. c4 dxc4 3. e4 Nf6 4. e5 Nd5 5. Bxc4 Nc6 6. Ne2 Bf5 7. a3 e6 8.
Nbc3 Nb6 9. Ba2 Qd7 10. Be3 O-O-O 11. O-O h5 12. Rc1 Kb8 13. b4 f6 14. exf6
gxf6 15. Ng3 Bg6 16. Nge4 Nd5 17. Nxd5 exd5 18. Nc5 Bxc5 19. Rxc5 Ne7 20.
Bf4 Rc8 21. Qd2 Ka8 22. Rfc1 c6 23. a4 Rhg8 24. R5c3 h4 25. f3 Bh5 26. Bb1
Bg6 27. Ba2 Bh5 28. Bb1 Bg6 29. Ba2 Bh5 1/2-1/2

[Event "38th Olympiad"]
[Site "Dresden GER"]
[Date "2008.11.21"]
[Round "8"]
[White "Takyrbashev,B"]
[Black "Goh Weiming"]
[Result "1-0"]
[WhiteElo "2142"]
[BlackElo "2420"]
[EventDate "2008.11.13"]

1. d4 Nf6 2. c4 Nc6 3. Nf3 e6 4. Nc3 Bb4 5. Qc2 d6 6. a3 Bxc3+ 7. Qxc3 O-O
8. b4 e5 9. e3 Bg4 10. h3 Bxf3 11. gxf3 exd4 12. exd4 Re8+ 13. Be3 b5 14.
O-O-O Ne7 15. Rg1 bxc4 16. Bxc4 Ned5 17. Qb3 c6 18. Kd2 a5 19. Rg5 axb4 20.
Rdg1 g6 21. axb4 Rb8 22. b5 Qd7 23. Qc2 Qa7 24. Rb1 Kh8 25. Qa2 Qc7 26. Qb3
Qa5+ 27. Kc2 Rec8 28. Bd2 Qd8 29. Kd1 Nc7 30. b6 Qe7 31. Bxf7 d5 32. Bf4
Nb5 33. Bxb8 Rxb8 34. Bxg6 hxg6 35. Re5 Qf7 36. Qe3 Rxb6 37. Re7 Qf8 38.
Ra1 Nd6 39. Qe6 Nfe8 40. Qe5+ Kg8 41. f4 Rb7 42. Qe6+ Kh8 43. Rxb7 Nxb7 44.
Ra7 Nbd6 45. Qxg6 Ng7 46. h4 Ndf5 47. Qxc6 Qb4 48. Qc8+ Kh7 49. Qxf5+ Kg8
50. Ra8+ 1-0

[Event "38th Olympiad"]
[Site "Dresden GER"]
[Date "2008.11.21"]
[Round "8"]
[White "Davletbakov,S"]
[Black "Chan Yi Ren,D"]
[Result "1/2-1/2"]
[WhiteElo "2145"]
[BlackElo "2260"]
[EventDate "2008.11.13"]

1. e4 e5 2. Nf3 Nc6 3. Bb5 Nge7 4. c3 g6 5. d4 exd4 6. cxd4 a6 7. Bc4 b5 8.
Bb3 Bg7 9. Nc3 d6 10. h3 O-O 11. O-O Na5 12. Bg5 h6 13. Bh4 Nxb3 14. Qxb3
Bb7 15. Rfe1 g5 16. Bg3 Kh8 17. a4 Rb8 18. axb5 axb5 19. d5 f5 20. exf5 b4
21. Rxe7 Qxe7 22. Qxb4 Ba8 23. Qc4 Rxf5 24. Nd4 Bxd4 25. Qxd4+ Qg7 26. Qc4
Qf7 27. Ra7 Bxd5 28. Qd4+ Qg7 29. Qxg7+ Kxg7 30. Rxc7+ Bf7 31. Bxd6 Rxb2
32. Bc5 Rf4 33. Nd5 Rc4 34. Ne3 Rc1+ 35. Kh2 Rxc5 36. Rxc5 Rxf2 37. Kg3 Ra2
38. Rc3 Rb2 39. h4 Rb5 40. hxg5 Rxg5+ 41. Kf4 Be6 42. Rc7+ Kf6 43. Rc6 Kf7
44. g3 Ra5 45. Rd6 Ra4+ 46. Kf3 Ra3 47. Rd4 Kf6 48. Kf4 Ra2 49. Ng4+ Bxg4
50. Kxg4 Ra5 51. Rd6+ Ke5 1/2-1/2

[Event "38th Olympiad"]
[Site "Dresden GER"]
[Date "2008.11.21"]
[Round "8"]
[White "Bachmann,Ax"]
[Black "Polaczek,R"]
[Result "1-0"]
[WhiteElo "2555"]
[BlackElo "2419"]
[EventDate "2008.11.13"]

1. e4 e6 2. d4 d5 3. e5 c5 4. c3 Nc6 5. Nf3 Qb6 6. Be2 Nh6 7. b3 cxd4 8.
cxd4 Bb4+ 9. Kf1 Nf5 10. a3 Be7 11. g4 Nh4 12. Nxh4 Bxh4 13. Be3 f6 14.
exf6 Bxf6 15. Nc3 O-O 16. Kg2 a6 17. Na4 Qc7 18. Rc1 Be7 19. b4 Bd6 20. Nc5
Qe7 21. Qd2 Qf6 22. Rhf1 Bf4 23. Nd3 g5 24. Qb2 h6 25. a4 e5 26. Bxf4 exf4
27. Bf3 Be6 28. Ne5 Rac8 29. Rc5 Nxe5 30. dxe5 Qe7 31. Rfc1 Rxc5 32. Rxc5
Rd8 33. Qd4 Qd7 34. b5 axb5 35. axb5 b6 36. Rc6 Bxg4 37. Rxh6 Bxf3+ 38.
Kxf3 Qf5 39. e6 g4+ 40. Kg2 Qe4+ 41. Qxe4 dxe4 42. Rg6+ Kf8 43. Rxg4 f3+
44. Kg3 Rd4 45. Rg5 Ke7 46. Re5 Rb4 47. h4 Rb1 48. Rxe4 Rxb5 49. Kxf3 Rf5+
50. Kg3 b5 51. f4 b4 52. Rxb4 Kxe6 53. Kg4 Ra5 54. f5+ Kf7 55. Rb7+ Kf6 56.
Rb6+ Kf7 57. Kg5 Ra1 58. Rb7+ Kg8 59. h5 Rg1+ 60. Kf6 Ra1 61. Re7 Ra6+ 62.
Re6 Ra1 63. Re8+ Kh7 64. Kf7 Ra6 65. Re7 Ra5 66. f6 Ra6 67. Rd7 1-0

[Event "38th Olympiad"]
[Site "Dresden GER"]
[Date "2008.11.21"]
[Round "8"]
[White "Cekro,E"]
[Black "Patriarca,L"]
[Result "1-0"]
[WhiteElo "2419"]
[BlackElo "2318"]
[EventDate "2008.11.13"]

1. c4 c6 2. b3 d5 3. Bb2 Nf6 4. Nf3 Bf5 5. g3 e6 6. Bg2 h6 7. O-O Nbd7 8.
d3 Bh7 9. Nbd2 Bd6 10. Qc2 O-O 11. a3 Rc8 12. e4 e5 13. b4 b6 14. Rfe1 Re8
15. Bh3 g5 16. Bg2 d4 17. h4 g4 18. Nh2 Kh8 19. Bc1 Rg8 20. Nb3 Bf8 21. Bd2
Bg6 22. a4 c5 23. b5 Bg7 24. a5 Kh7 25. Rf1 Bh5 26. axb6 axb6 27. Ra7 Rc7
28. Ra6 Qe7 29. Rfa1 Rgc8 30. Qd1 Qe6 31. Qf1 Nb8 32. Ra8 Nbd7 33. R8a4 Rg8
34. Ra6 Bf8 35. Qc1 Bg7 36. Kh1 Rgc8 37. Qf1 Rg8 38. R1a2 Bf8 39. Ra8 Bg7
40. Rxg8 Kxg8 41. Ra6 Kh7 42. Kg1 Nb8 43. Ra8 Nbd7 44. Qd1 Nf8 45. Ra6 N8d7
46. Qa1 Qe8 47. Bf1 Rb7 48. Be2 Qe6 49. Na5 Rc7 50. Nc6 Rc8 51. Bf1 Bf8 52.
Bg2 Bg7 53. Qf1 Nb8 54. Nxb8 Rxb8 55. f4 gxf3 56. Bh3 f2+ 57. Kxf2 Ng4+ 58.
Kg2 Nxh2 59. Bf5+ Bg6 60. Kxh2 Bxf5 61. exf5 Qd7 62. Qf3 Qd6 63. Qe4 Kg8
64. g4 f6 65. Kh3 Bf8 66. Kg3 Rd8 67. Kf3 Qc7 68. Kg2 Rd6 69. Ra8 Rd8 70.
Bxh6 Bxh6 71. Qd5+ 1-0

[Event "38th Olympiad"]
[Site "Dresden GER"]
[Date "2008.11.21"]
[Round "8"]
[White "Saiboulatov,D"]
[Black "Peralta,E"]
[Result "1/2-1/2"]
[WhiteElo "2360"]
[BlackElo "2257"]
[EventDate "2008.11.13"]

1. e4 c5 2. Nf3 Nc6 3. Bb5 d6 4. O-O Bd7 5. Re1 Nf6 6. h3 e5 7. c3 Be7 8.
d4 Qc7 9. Bg5 O-O 10. Na3 cxd4 11. cxd4 exd4 12. Nxd4 a6 13. Bf1 Rfe8 14.
Nf3 Be6 15. Nc2 Rad8 16. Ncd4 Nxd4 17. Nxd4 Bc8 18. Nf3 h6 19. Rc1 Qb8 20.
Bf4 Bf8 21. Bd3 Nd7 22. Qb3 g5 23. Bg3 Bg7 24. Bc4 Rf8 25. Red1 b5 26. Bd5
Nb6 27. Qb4 Nxd5 28. Rxd5 Rfe8 29. Rxd6 Rxd6 30. Bxd6 Qa8 31. Re1 Bb7 32.
Nd2 Qc8 33. f3 Qc2 34. e5 Rc8 35. Qd4 h5 36. Nf1 Re8 37. Ne3 Qg6 38. Nd5 g4
39. hxg4 hxg4 40. fxg4 Bxd5 41. Qxd5 Qxg4 42. Rf1 Qe6 43. Qxe6 Rxe6 44. Rf5
f6 45. exf6 Bxf6 46. Ba3 Kg7 47. Kf1 Rc6 48. b3 Kg6 49. Rf2 a5 50. g3 a4
51. Bb4 axb3 52. axb3 Rc1+ 53. Kg2 Rb1 54. Rf3 Be5 55. Kh3 Bf6 56. Kg4 Rd1
57. Bc5 Rd5 58. Be3 b4 59. Bf4 Bc3 60. Re3 1/2-1/2

[Event "38th Olympiad"]
[Site "Dresden GER"]
[Date "2008.11.21"]
[Round "8"]
[White "Canda,D"]
[Black "Kojima,S"]
[Result "1/2-1/2"]
[WhiteElo "2289"]
[BlackElo "2272"]
[EventDate "2008.11.13"]

1. e4 c5 2. Nf3 Nc6 3. d4 cxd4 4. Nxd4 Nf6 5. Nc3 e5 6. Ndb5 d6 7. a4 a6 8.
Na3 Bg4 9. f3 Be6 10. Bc4 Be7 11. O-O O-O 12. Be3 Rc8 13. Nd5 Bxd5 14. exd5
Nb8 15. Qd2 Nbd7 16. Kh1 Nh5 17. g4 Nf4 18. Bxf4 exf4 19. Qxf4 Ne5 20. Be2
Bf6 21. c3 Re8 22. Qd2 g5 23. f4 Ng6 24. f5 Nf4 25. Bf3 Qa5 26. Nc2 Re7 27.
Rfe1 Rce8 28. Rxe7 Rxe7 29. Ne3 b5 30. Nf1 bxa4 31. Ng3 h6 32. Ne4 Be5 33.
f6 Rb7 34. Ng3 Qb5 35. Qc2 Qxb2 36. Qxa4 Qb5 37. Qe4 Qd3 38. Qxd3 Nxd3 39.
Rxa6 Rb8 40. Ne4 Nf4 41. Kg1 Nxd5 42. Nxd6 Nxc3 43. Nf5 Kh7 44. h4 1/2-1/2

[Event "38th Olympiad"]
[Site "Dresden GER"]
[Date "2008.11.21"]
[Round "8"]
[White "Baba,M"]
[Black "Espinoza,F"]
[Result "1/2-1/2"]
[WhiteElo "2220"]
[BlackElo "2243"]
[EventDate "2008.11.13"]

1. e4 c5 2. Nf3 d6 3. d4 cxd4 4. Nxd4 Nf6 5. Nc3 a6 6. Bc4 e6 7. Bb3 b5 8.
Qf3 Qb6 9. Be3 Qb7 10. a3 Be7 11. Qg3 O-O 12. f3 Bd7 13. O-O Nc6 14. Nxc6
Bxc6 15. Bh6 Ne8 16. Rad1 a5 17. Bg5 a4 18. Bxe7 Qxe7 19. Ba2 Qb7 20. Rd4
e5 21. Rd2 b4 22. Nd5 bxa3 23. bxa3 Bxd5 24. Bxd5 Qb6+ 25. Qf2 Rb8 26. Qxb6
Rxb6 27. Rfd1 Nc7 28. Bc4 Rd8 29. f4 Rc6 30. Bd5 Nxd5 31. Rxd5 f6 32. fxe5
fxe5 33. Rxe5 Rxc2 34. Red5 Rb8 35. R1d2 Rxd2 36. Rxd2 Rb3 37. Rxd6 Rxa3
38. Ra6 Ra2 39. Ra7 Kf8 1/2-1/2

[Event "38th Olympiad"]
[Site "Dresden GER"]
[Date "2008.11.21"]
[Round "8"]
[White "Picado,J"]
[Black "Uesugi,S"]
[Result "1/2-1/2"]
[WhiteElo "2219"]
[BlackElo "2222"]
[EventDate "2008.11.13"]

1. e4 c5 2. Nf3 Nc6 3. d4 cxd4 4. Nxd4 Nf6 5. Nc3 e5 6. Ndb5 d6 7. Bg5 a6
8. Na3 b5 9. Nd5 Be7 10. Bxf6 Bxf6 11. c4 b4 12. Nc2 Rb8 13. b3 Bg5 14. g3
O-O 15. Bg2 Be6 16. O-O Bxd5 17. Qxd5 Ne7 18. Qd3 Qb6 19. Rad1 Rfd8 20. Kh1
Nc6 21. f4 Bh6 22. Ne3 g6 23. Nd5 Qc5 24. f5 Rb7 25. g4 Bg5 26. Qg3 Ne7 27.
Rf3 Nxd5 28. Rxd5 Qc6 29. h4 Bc1 30. Qe1 Bb2 31. h5 Qe8 32. Qh4 Bc1 33. Bf1
h6 34. fxg6 Bg5 35. gxf7+ Rxf7 36. Qf2 Rf4 37. Rxf4 Bxf4 38. c5 Qe7 39. Bc4
Kh8 40. Kg2 dxc5 41. Qxc5 Qxc5 42. Rxc5 Rd2+ 43. Kf3 Rxa2 44. Rc8+ Kg7 45.
Rg8+ Kh7 46. Ra8 Bg5 47. Rh8+ Kxh8 1/2-1/2

[Event "38th Olympiad"]
[Site "Dresden GER"]
[Date "2008.11.21"]
[Round "8"]
[White "Sano,T"]
[Black "Alfaro,W"]
[Result "1/2-1/2"]
[WhiteElo "2111"]
[BlackElo "2200"]
[EventDate "2008.11.13"]

1. e4 c5 2. Nf3 d6 3. d4 cxd4 4. Nxd4 Nf6 5. Nc3 g6 6. Be3 Bg7 7. f3 O-O 8.
Qd2 Nc6 9. Bc4 Bd7 10. O-O-O Rc8 11. Bb3 Nxd4 12. Bxd4 b5 13. Bxa7 b4 14.
Nd5 Nxd5 15. exd5 Qa5 16. Bd4 Rxc2+ 17. Bxc2 Qxa2 18. Qe3 Rc8 19. Kd2 Qxd5
20. Ke1 Rxc2 21. Bxg7 Qc4 22. Bh6 Bb5 23. Rd2 Rc1+ 24. Kf2 Rxh1 25. Qxe7
Qf1+ 26. Kg3 Qe1+ 27. Qxe1 Rxe1 28. Rxd6 Re6 29. Rd4 g5 30. Rxb4 Rxh6 31.
Rxb5 Rg6 32. Kg4 h6 33. Rb7 Rd6 34. b4 Rd2 35. Kg3 Rb2 36. b5 Rb4 37. b6
Kg7 38. Rb8 Rb2 39. b7 Rb4 40. Kf2 Rb3 41. Ke2 Kh7 42. Kd2 Kg7 43. Kc2 Rb6
44. Kd2 1/2-1/2